| 000 | 00371nam a2200145Ia 4500 | ||
|---|---|---|---|
| 008 | 191201s2009 xx 000 0 und d | ||
| 082 |
_a332 _bMIM |
||
| 100 | _aMITHANI,D.M | ||
| 245 | 0 | _aMoney Banking: International Trade And Public Finance | |
| 250 | _aRep | ||
| 260 |
_aN.Delhi _bHimalaya Publication House _c2009 |
||
| 300 | _a723 | ||
| 650 | _aMBA | ||
| 942 |
_2ddc _cBK |
||
| 999 |
_c4282 _d4282 |
||